000
00224nam a2200097 4500
001
3561
090
_a
3561
100
_a
20190723b u||y0fre||u0ba y50
200
_a
Archivfürer des Zeidienst
_b
Périodique
801
_a
CH
_b
CH-002049-8
955
_r
1970: marz